000 00398nam a2200145 i 4500
001 bg
100 1 _aJAroslavskij, M. J.
245 _aKonstruirovanie, izgotovlenie i primenenie kvarcovych rezonatorów /
_cM.J. Jaroslavskij, A.G. Smogin.
260 _aMoskva,
_c1971.
700 1 _aSmogin, A. G.
040 _cBPK
041 _apol
942 _cKS
008 s pl f |000 0 pol
999 _c13798
_d13798
856 _uhttp://koha.tu.koszalin.pl/cgi-bin/koha/opac-detail.pl?biblionumber=13798
_yKatalog online BPK